| 000 | 01238nam0a22002891 4500 | ||
|---|---|---|---|
| 001 | rc\4158206 | ||
| 005 | 20260407222244.0 | ||
| 021 |
_aRU _b[47-22527] |
||
| 035 | _a(NLR Aleph) 008174406 | ||
| 090 |
_a7875014 _c7875014 |
||
| 100 | _a20130415d1947 |||y0rusy50 ca | ||
| 101 | 0 | _arus | |
| 102 | _aRU | ||
| 105 | _ay z ||||| | ||
| 200 | 1 |
_aСписок изданий, вышедших в свет за первое полугодие 1947 г. (январь-июнь) _a[Тематический план печати на III квартал 1947 г. _fМ-во строительства предприятий тяжелой индустрии СССР. Стройиздат |
|
| 210 |
_aМосква _cЦентр. б-ка строит. проектов] _d[1947] _gСветогр. Госздравпроекта |
||
| 215 |
_a6, 4 с. _d29 |
||
| 300 | _aСветогр. изд. | ||
| 300 | _aБез тит. л. и обл. | ||
| 606 |
_aСтроительное дело _jКаталоги книг _2psbo |
||
| 710 | 0 | 2 |
_aСтройиздат _cМосква _3RU\NLR\AUTH\8810149508 _9793605 |
| 801 | 0 |
_aRU _bNLR _gpsbo |
|
| 801 | 1 |
_aRU _bELAR _2rusmarc |
|
| 852 |
_aNLR _jС329-420/С-72 |
||
| 942 | _cBOOK | ||
| 980 | _aNB | ||